Technologies, social media, and society / (Record no. 21336)

MARC details
000 -LEADER
fixed length control field 00856nam a22002655a 4500
005 - DATE AND TIME OF LATEST TRANSACTION
control field 20201128023652.0
008 - FIXED-LENGTH DATA ELEMENTS--GENERAL INFORMATION
fixed length control field 160307t2014 xx frb 000 0 eng d
020 ## - INTERNATIONAL STANDARD BOOK NUMBER
International Standard Book Number 9781259170980
020 ## - INTERNATIONAL STANDARD BOOK NUMBER
International Standard Book Number 1259170985
040 ## - CATALOGING SOURCE
Original cataloging agency EG-ScBUE
Language of cataloging eng
Transcribing agency EG-ScBUE
082 04 - DEWEY DECIMAL CLASSIFICATION NUMBER
Classification number 303.483
Item number TEC
Edition number 22
245 00 - TITLE STATEMENT
Title Technologies, social media, and society /
Statement of responsibility, etc edited by Daniel Mittleman.
250 ## - EDITION STATEMENT
Edition statement 20th ed. Annual ed.
260 ## - PUBLICATION, DISTRIBUTION, ETC. (IMPRINT)
Place of publication, distribution, etc [S. l.] :
Name of publisher, distributor, etc Mc-Graw Hill Education,
Date of publication, distribution, etc c.2014.
300 ## - PHYSICAL DESCRIPTION
Extent iv, 166 p. ;
Dimensions 28 cm.
504 ## - BIBLIOGRAPHY, ETC. NOTE
Bibliography, etc Includes bibliographical references.
650 #7 - SUBJECT ADDED ENTRY--TOPICAL TERM
Topical term or geographic name as entry element Social media.
Source of heading or term BUEsh
9 (RLIN) 32891
650 #0 - SUBJECT ADDED ENTRY--TOPICAL TERM
Topical term or geographic name as entry element Information technology.
Source of heading or term BUEsh
9 (RLIN) 5620
650 #7 - SUBJECT ADDED ENTRY--TOPICAL TERM
Topical term or geographic name as entry element Computers.
Source of heading or term BUEsh
9 (RLIN) 1995
650 #7 - SUBJECT ADDED ENTRY--TOPICAL TERM
Topical term or geographic name as entry element Computers and civilization.
Source of heading or term BUEsh
9 (RLIN) 34985
651 ## - SUBJECT ADDED ENTRY--GEOGRAPHIC NAME
Source of heading or term BUEsh
653 ## - INDEX TERM--UNCONTROLLED
Resource For college Communication and mass media
Arrived date list March2016
700 1# - ADDED ENTRY--PERSONAL NAME
Personal name Mittleman, Daniel,
Relator term editor.
942 ## - ADDED ENTRY ELEMENTS (KOHA)
Source of classification or shelving scheme Dewey Decimal Classification
Holdings
Withdrawn status Item status Source of classification or shelving scheme Damaged status Not for loan Vendor Home library Current library Shelving location Date acquired Source of acquisition Cost, normal purchase price Serial Enumeration / chronology Total Checkouts Total Renewals Full call number Barcode Date last seen Date last borrowed Cost, replacement price Koha item type
    Dewey Decimal Classification     Iqraa Central Library Central Library First floor 07/03/2016 Purchase 350.00 3741 4 1 303.483 TEC 000031888 15/07/2025 28/11/2022 437.50 Book - Borrowing